1044 1390 1602 1191 1095 1745 1698 1504 1680 1542 1509 1874 1875 1836 1498 1596 1029 1392 1558 1398 1151 1886 1319 1754 1209 1001 1550 1070 1931 1370 1418 1973 1951 1078 1948 1162 1621 1949 1438 1938 1998 1366 1815 1973 1342 1175 1308 1208 1512 1769 1764 1559 1980 1324 1209 1066 1201 1754 1870 1763 1069 1973 1085 1637 1467 1056 1336 1616 1123 1735 1202 1539 1233 1420 1019 1314 1120 1467 1467 1804 1510 1166 1476 1162 1722 1932 1698 1327 1764 1032 1931 1873 1633 1257 1444 1034 1922 1801 1983 BCNSPRNW ULIB Ver.6.0+V

เปลี่ยนเป็นภาษาไทย

Change to English
 แสดงรายละเอียดบรรณานุกรม
  กลับหน้าหลัก

Brief Record : Get Marc (ISO 2709) : E-mail record : QR code < ปิดหน้าต่าง
LEADER : 00000nam 2200000uu 4500
001    13399112410
003     ULIB
008    110815s||||||||th 000 0 tha d
020    9786165000192
090    นว.^bล258ห 2553
100 0  ลัลล์ลลิล
245 00 เหมันต์นิรันดร/^cลัลล์ลลิล
250    พิมพ์ครั้งที่ 1
260    กรุงเทพฯ :^bพิมพ์คำ,^c2553
300    414 หน้า
710 1  พิมพ์คำ
945    ^p260^l0^i16989
995    กัณชพร
999    ^aใช้งานได้ทุกระบบ
รายการนี้ยังไม่มีแท็ก
คุณยังไม่ได้ล็อกอิน คุณสามารถมีกิจกรรมร่วมกับเว็บไซต์ได้ แต่ต้องล็อกอินก่อน ::
  ล็อกอิน

รายการสื่อสารสนเทศ

ลำดับที่ ประเภท เลขเรียก/บาร์โค้ด สถานที่ สถานะ
1. วิทยาศาสตร์การแพทย์ และสุขภาพ
วิทยาศาสตร์การแพทย์ และสุขภาพ
นว. ล258ห 2553  
  Barcode: 16989
ห้องสมุดวิทยาเขตสวรรค์ประชารักษ์
►นวนิยาย
บนชั้น
  ขอยืม

รายการใกล้เคียง
    ผู้แต่ง [ลัลล์ลลิล]

BibComment


ยังไม่เคยถูกคอมเมนท์

คอมเมนท์ทรัพยากรรายการนี้
  คอมเมนท์: เหมันต์นิรันดร ลั..


 Copyright 2026. Bcnsprnw @Library